| 000 | 01098cam a22003011a 4500 | ||
|---|---|---|---|
| 008 | 000418t19831982nyu 000 1 eng d | ||
| 020 | _a0446355453 | ||
| 040 |
_aICrlF _cICrlF _dICrlF |
||
| 050 | 0 | 0 |
_aPS3569.H3927 _bM37 1983 |
| 082 | 0 | 4 |
_a813/.54 _221 |
| 100 | 1 |
_aSheldon, Sidney. _911623 |
|
| 245 | 1 | 0 |
_aMaster of the game / _cSidney Sheldon. |
| 250 | _aWarner Books ed. | ||
| 260 |
_aNew York, N.Y. : _bWarner Books, _c[1983], c1982. |
||
| 300 |
_a495 p. ; _c17 cm. |
||
| 520 | _aPower and success in a man's world have become a deadly and all-consuming game for Kate Blackwell, the head of a great international conglomerate. | ||
| 521 | 2 |
_aAdult _bFollett Library Resources |
|
| 650 | 0 |
_aWomen in business _vFiction. _96521167 |
|
| 650 | 0 |
_aInternational business enterprises _vFiction. _96391849 |
|
| 650 | 7 |
_aBusinesswomen _vFiction. _2sears _95674527 |
|
| 650 | 7 |
_aMultinational corporations _vFiction. _2sears _96521168 |
|
| 650 | 7 |
_aMystery fiction. _2sears _96295137 |
|
| 035 | _a(IMchF)fol05785211 | ||
| 005 | 20241220144029.0 | ||
| 001 | 65886 | ||
| 003 | DCL | ||
| 942 |
_cUNKNOWN _09 |
||
| 999 |
_c138933 _d138933 |
||